00516 2200193 4500001002100000005001500021035002000036007000300056008004100059020002200100082001100122084001700133100001600150245007100166260003700237300001600274650001600290856001600306INLIS00000000000802520260106101754 a0010-0126000022ta260106 0 ind  a978-602-6237-12-5 a610.73 a610.73 EKO a0 aEko Suryani1 aASUHAN KEPERAWATAN ANAK SEHAT & BERKEBUTUHAN KHUSUS /cEko Suryani aYOGYAKARTA :bPUSTAKA BARU PRESS a240 ;c23cm 4akeperawatan aKeperawatan